000 01319pam a2200313 a 4500
001 3015841
003 OSt
005 20180117090002.0
008 940902s1995 ne a b 001 0 eng
010 _a 94033657
020 _a0444894438 (acidfree paper)
040 _aDLC
_cDLC
_dDLC
050 0 0 _aHB135
_b.M3324 1995
082 0 0 _a330/.01/51
_220
100 1 _aMakarov, V. L.
_q(Valeriĭ Leonidovich)
245 1 0 _aMathematical economic theory :
_bpure and mixed types of economic mechanisms /
_cValery L. Makarov, Mark J. Levin, Alexander M. Rubinov.
260 _aAmsterdam ;
_aNew York :
_bElsevier,
_c1995.
300 _axx, 610 p. :
_bill. ;
_c24 cm.
440 0 _aAdvanced textbooks in economics ;
_vv. 33
504 _aIncludes bibliographical references (p. 595-604) and index.
650 0 _aEconomics, Mathematical.
650 0 _aEconomics
_xMathematical models.
700 1 _aLevin, M. I.
_q(Mark Iosifovich)
700 1 _aRubinov, Aleksandr Moiseevich.
906 _a7
_bcbc
_corignew
_d1
_eocip
_f19
_gy-gencatlg
942 _2ddc
_cBK
999 _c3274
_d3274